| 000 | 00964nam a2200265 i 4500 | ||
|---|---|---|---|
| 001 | 183548 | ||
| 003 | ES-MaACL | ||
| 005 | 20231106104829.0 | ||
| 008 | 140717s2013 sp af |||| |dspa d | ||
| 020 | _a978-84-92519-80-4 | ||
| 080 | _a087.5:82 | ||
| 100 | 1 |
_aLorenzo Aguilera, RosaMari. _9152687 |
|
| 245 | 1 | 3 |
_aLa excursión / _cescrito e ilustrado por la pintora RosaMari Lorenzo Aguilera. |
| 250 | _a1ª ed. | ||
| 260 |
_aMadrid : _bCultiva, _c2013. |
||
| 300 |
_a89 p. : _bil. col. y n. ; _c21 cm. |
||
| 490 | 1 |
_aColección Básica ; _v200 |
|
| 546 | _aTexto en español e inglés. | ||
| 830 | 0 |
_aColección Básica ; _v200 _9181955 |
|
| 852 |
_aES-MaACL _jA-13158 _9190489 _bR.149983 _cDEPO1 _dOlim: N-6158 _gDedicatoria autógrafa de la autora _hDonación: de la autora RosaMaria Lorenzo Aguilera |
||
| 903 |
_9152687 _aLorenzo Aguilera, RosaMari _ednr |
||
| 942 |
_2udc _cMONOGRAFIA |
||
| 999 |
_c183548 _d183548 |
||